American Independence Quiz - Statistics

General Stats
  • This quiz has been taken 37 times
    33 since last reset
  • The average score is 9 of 15
Answer Stats
Hint Answer % Correct
Who was the first president of the US? George Washington
97%
How many colonies made up the US? 13
93%
What city in Massachusetts had a "Tea Party" in the harbour? Boston
93%
What empire did the US break away from? _______ Empire British
93%
What country helped the US gain independence? France
93%
What day does the US celebrate Independence? (Month, Day) July 4
83%
Who was the king of England during this time? George III
69%
Who wrote the Declaration of Independence Thomas Jefferson
69%
People who were loyal to the king were called Loyalist
45%
Who said The Redcoats Are Coming Paul Revere
38%
Who is most famous for creating the US Flag? Betsy Ross
28%
American general who was a traitor and defected to the enemy Benedict Arnold
24%
Who said "Give Me Liberty, Or Give Me Death!"? Patrick Henry
24%
What was the turning point of the American Revolution? Saratoga
21%
Famous American spy who was also a teacher Nathan Hale
14%
No matching quizzes found
Score Distribution
Percent of People with Each Score
Percentile by Number Answered
Your Score History
You have not taken this quiz since the last reset